000
00324nam a22001337a 4500
008
190205b xxu||||| |||| 00| 0 eng d
020
_a
0442254105
041
_a
eng
080
_a
316
100
_a
50
101
_a
SOC
245
_a
Elites and Masses. An Introduction to Poltical Sociology
_c
Marger, M.N
942
_2
udc
_c
BK
999
_c
53996
_d
53996